| 000 | 00652nam a22002297a 4500 | ||
|---|---|---|---|
| 003 | UA-OsUOA | ||
| 001 | 31162 | ||
| 007 | ta | ||
| 008 | 20041206b un ||||| |||| 00| 0 ukr d | ||
| 090 |
_a069 _bМ89 |
||
| 942 | _cBK | ||
| 040 |
_aUA-OsUOA _brus _cUA-OsUOA _dUA-OsUOA |
||
| 245 |
_aГосударственный музей книги и книгопечатания Украинской ССР _bФотопутеводитель _cСост. Н. Н.Гламазда |
||
| 300 | _a157 с. | ||
| 955 | _a0 | ||
| 041 | _arus | ||
| 080 | _a069 | ||
| 260 |
_aКиев _bМистецтво _c1983 |
||
| 044 | _aUA | ||
| 650 | 7 | _2UDC | |
| 999 |
_c317584 _d317584 |
||